Normal view
MARC view
- Glocker, David.A , Shah, Ismat.S
Entry Personal Name
001 - CONTROL NUMBER
- control field: 63456
003 - CONTROL NUMBER IDENTIFIER
- control field: NUST
005 - DATE AND TIME OF LATEST TRANSACTION
- control field: 20210628203125.0
008 - FIXED-LENGTH DATA ELEMENTS
- fixed length control field: 210628|| aca||aabn | a|a d
040 ## - CATALOGING SOURCE
- Original cataloging agency: NUST
- Transcribing agency: NUST
100 ## - HEADING--PERSONAL NAME
- Personal name: Glocker, David.A , Shah, Ismat.S
670 ## - SOURCE DATA FOUND
- Source citation: Work cat.: (NUST): Glocker, David.A , Shah, Ismat.S, Handbook of thin film process technology , vol-2, 1995
